deutsche Adjektive - Statistics

General Stats
  • This quiz has been taken 9 times
  • The average score is 19 of 30
Answer Stats
adjektiv respuesta % Correct
gut bueno
100%
richtig correcto
100%
kurz corto
100%
schlecht malo
100%
klein pequeño
100%
kühl frio
86%
groß grande
86%
lang largo
86%
neu nuevo
86%
traurig triste
86%
warm caliente
71%
glücklich feliz
71%
intelligent inteligente
71%
jung joven
71%
schnell rapido
71%
billig barato
57%
teuer caro
57%
langsam lento
57%
dunkel oscuro
57%
arm pobre
57%
doof tonto
57%
alt viejo
57%
hell claro
43%
dick gordo
43%
falsch incorrecto
43%
reich rico
43%
dünn flaco
29%
alt antiguo
14%
schner dificil
14%
leicht facil
14%
No matching quizzes found
Score Distribution
Percent of People with Each Score
Percentile by Number Answered
Your Score History
You have not taken this quiz